Investigación agrícola y productividad

সংরক্ষণ করুন:
গ্রন্থ-পঞ্জীর বিবরন
প্রধান লেখক: Evenson, Robert E (Author), Kislev, Yoav (Author)
বিন্যাস: গ্রন্থ
ভাষা:স্প্যানিশ
প্রকাশিত: Madrid Tecnos 1976
বিষয়গুলি:
ট্যাগগুলো: ট্যাগ যুক্ত করুন
কোনো ট্যাগ নেই, প্রথমজন হিসাবে ট্যাগ করুন!

MARC

LEADER 00000nam a2200000 a 4500
001 UCR9560
003 CL-VaPUC
008 980613e19760000SP |||||||||||||||||spa|d
082 0 4 |a 338.16  |b EVE  |2 21 
100 0 |a Evenson, Robert E  |e author  |9 412226 
700 0 |a Kislev, Yoav  |e author  |9 412227 
245 1 0 |a Investigación agrícola y productividad 
300 |a 174 p 
942 |c BK 
945 |d 19980613 00:00:00  |a cmena 
260 |a Madrid  |b Tecnos  |c 1976 
650 0 |a Agricultura  |9 255598 
650 0 |a Productividad   |9 335972 
650 7 |a ECONOMIA AGRARIA  |2 CL-VaPUC  |9 264541 
650 7 |a PRODUCTOS AGRICOLAS  |2 CL-VaPUC  |9 338601 
650 7 |a INVESTIGACION AGRICOLA  |2 CL-VaPUC  |9 412228 
650 0 |a Producción agrícola  |9 353481 
583 |a last modification  |c 19980613 00:00:00  |k Rodrigo Vera 
999 |c 270748  |d 270746 
952 |0 0  |1 0  |4 0  |6 338_160000000000000_EVE_1976  |7 0  |8 A  |9 305145  |a BIBENE  |b BIBENE  |d 2019-11-20  |i 1415972  |o 338.16 EVE 1976  |p 1415972  |r 2025-01-15  |w 2019-11-20  |y BK  |k ICO